Ako ušetriť 75% nákladov pri podpisovaní dokumentov?

Štandardom v administratíve, ktorým bol niekedy fax, sa teraz stáva elektronický podpis. Preto Konica Minolta uzatvorila spoluprácu s českým start-upom Signi, poskytovateľom služieb preukázania digitálnej identity. S ním už nie je potrebné dokumenty tlačiť, rozosielať k fyzickým podpisom a opätovne...

Full description

Saved in:
Bibliographic Details
Format: Book Chapter
Language:Slovak
Subjects:
Tags: Add Tag
No Tags, Be the first to tag this record!

MARC

LEADER 00000naa a2200000 4500
001 0278597
005 20210920192336.8
041 0 |a slo 
044 |a SK 
245 1 0 |a Ako ušetriť 75% nákladov pri podpisovaní dokumentov? 
520 |a Štandardom v administratíve, ktorým bol niekedy fax, sa teraz stáva elektronický podpis. Preto Konica Minolta uzatvorila spoluprácu s českým start-upom Signi, poskytovateľom služieb preukázania digitálnej identity. S ním už nie je potrebné dokumenty tlačiť, rozosielať k fyzickým podpisom a opätovne ich digitalizovať. Elektronický podpis je právne uznateľný pre 90% bežnej administratívnej agendy, ako sú zmluvy, objednávky, faktúry či preberacie protokoly. 
610 2 0 |a administratíva 
610 2 0 |a podpis elektronický 
610 2 0 |a identita 
610 2 0 |a digitalizácia